000 00292nam a22001097a 4500
999 _c15151
_d15151
008 200305b ||||| |||| 00| 0 eng d
245 _aCrime down.
260 _aDavao City, Philippines;
_bSunstar Davao,
_c©2019.
300 _apage 15;
_c29.5cm.
650 _aCrimes.
_941905
942 _2ddc
_cPER